[Event "EU-ch (Women) 22nd"]
[Site "Prague"]
[Date "2022.08.20"]
[Round "1"]
[White "Sankova, Stella"]
[Black "Heinemann, Josefine"]
[Result "0-1"]
[WhiteElo "2067"]
[BlackElo "2321"]
[PlyCount "100"]
[EventDate "2022.08.20"]
[EventType "swiss"]
[EventRounds "11"]
[EventCountry "CZE"]
[SourceTitle "CBM 209 Extra"]
[Source "ChessBase"]
[SourceDate "2022.09.30"]
[SourceVersion "1"]
[SourceVersionDate "2022.09.30"]
[SourceQuality "1"]

1. e4 c5 2. Nf3 d6 3. Bb5+ Nd7 4. d4 cxd4 5. Qxd4 a6 6. Bxd7+ Bxd7 7. c4 Nf6 8. Bg5 e6 9. 0-0 Be7 10. Nc3 Bc6 11. Qd3 0-0 12. Rad1 h6 13. Bf4 e5 14. Bc1 b5 15. Rfe1 bxc4 16. Qxc4 Bd7 17. b3 Rc8 18. Qd3 Qc7 19. Bb2 Qb7 20. Nd2 Rfd8 21. Nc4 Bg4 22. f3 Be6 23. Ne3 Rc7 24. Re2 Qb6 25. Kf1 Rdc8 26. Rc2 Qb7 27. Rcd2 Rc5 28. Na4 R5c6 29. Nc3 Nh5 30. Ned5 Bg5 31. Rf2 Nf4 32. Nxf4 Bxf4 33. g3 Bg5 34. h4 Bd8 35. Nd5 Qd7 36. Kg2 a5 37. Rdd2 f5 38. Rfe2 Qf7 39. Rd1 f4 40. Rh1 fxg3 41. Kxg3 Qg6+ 42. Kf2 Qh5 43. Kf1 Rb8 44. Nc3 Rb7 45. Rg2 Rf7 46. Ke2 Bb6 47. Nd1 Bc8 48. Rg3 Bd4 49. Qd2 Ba6+ 50. Ke1 Rxf3 0-1

[Event "SVK-chT1E 2122"]
[Site "Slovakia"]
[Date "2022.05.14"]
[Round "10.5"]
[White "Sankova, Stella"]
[Black "Smetana, Peter"]
[Result "1-0"]
[WhiteElo "2066"]
[BlackElo "1675"]
[PlyCount "71"]
[EventDate "2022.01.29"]
[EventType "team-tourn"]
[EventRounds "11"]
[EventCountry "SVK"]
[SourceTitle "EXT 2023"]
[Source "ChessBase"]
[SourceDate "2022.10.05"]
[SourceVersion "1"]
[SourceVersionDate "2022.10.05"]
[SourceQuality "1"]
[WhiteTeam "Zvolen Slavia"]
[BlackTeam "Humenne Reinter II"]
[WhiteTeamCountry "SVK"]
[BlackTeamCountry "SVK"]

1. e4 c5 2. Nc3 Nc6 3. f4 g6 4. Nf3 Bg7 5. Bb5 Nh6 6. 0-0 0-0 7. d3 f5 8. Be3 d6 9. Bc4+ Kh8 10. a3 a6 11. h3 Nd4 12. Ng5 b5 13. Bd5 Rb8 14. Qd2 e6 15. Ba2 Nf7 16. Rae1 Nxg5 17. fxg5 b4 18. axb4 cxb4 19. Nd1 b3 20. cxb3 Nxb3 21. Qc2 Nd4 22. Qc4 Qb6 23. exf5 exf5 24. Rf4 Be6 25. Qxd4 Qxd4 26. Rxd4 Bxa2 27. Rxd6 Bb1 28. Bd4 Bxd4+ 29. Rxd4 Rb3 30. Nc3 Bc2 31. Rd7 Rxb2 32. Ree7 Rc8 33. Rxh7+ Kg8 34. Nd5 Ba4 35. Nf6+ Kf8 36. Rdf7# 1-0